00755nam 22002293 4500001000700000010001800007021001700025090001100042100004100053200004300094210003900137215003300176300004600209606002900255610001200284675002500296700004400321801001800365830002900383990001100412995010200423202823 a972-665-377-0 aPTb60299/92 a202823 a20231109d u||y0pory50 ba aOrdens menores fAgustina Bessa-Luís aLisboacGuimarães Editoresd1992 a355, [2] p.cbrochadod21 cm aContém dedicatória na folha de guarda aLiteratura Portuguesa96 aRomance a821.134.3-3vPTzpor 91279aLuísbAgustina Bessaf1922-2019 aPTbBMMNgRPC cAna FalardofAna Falardo cLIVROS 002052026-07-01932634bBMMNf32345k821.134.3-3 LUI|SAFo0rLIVROSuAcesso CondicionadosOferta